Sistemas de innovación en Centroamérica (Registro nro. 1585)

Detalles MARC
000 -LEADER
fixed length control field 01238 a2200217 4500
001 - CONTROL NUMBER
control field 27335
005 - DATE AND TIME OF LATEST TRANSACTION
control field 20260407155549.0
008 - FIXED-LENGTH DATA ELEMENTS--GENERAL INFORMATION
fixed length control field 260407a2013 arg spa d
003 - CONTROL NUMBER IDENTIFIER
control field AR-UNSa-BCEJYS
040 ## - CATALOGING SOURCE
Original cataloging agency AR-UNSa-BCEJYS
Language of cataloging spa
Transcribing agency AR-UNSa-BCEJYS
080 ## - UNIVERSAL DECIMAL CLASSIFICATION NUMBER
Universal Decimal Classification number 339.92
Common auxiliary subdivision Cooperación económica internacional. Integración económica internacional
020 ## - INTERNATIONAL STANDARD BOOK NUMBER
International Standard Book Number 978-92-1-221107-7
100 1# - MAIN ENTRY--PERSONAL NAME
Personal name Padilla Pérez, Ramón
245 10 - TITLE STATEMENT
Title Sistemas de innovación en Centroamérica
Name of part/section of a work fortalecimiento a través de la integración regional
264 #1 - PRODUCTION, PUBLICATION, DISTRIBUTION, MANUFACTURE, AND COPYRIGHT NOTICE
Place of production, publication, distribution, manufacture Santiago de Chile :
Name of producer, publisher, distributor, manufacturer CEPAL (Comisión Económica para América Latina y el Caribe)
Date of production, publication, distribution, manufacture, or copyright notice 2013
300 ## - PHYSICAL DESCRIPTION
Extent 211 p.
Dimensions 22 cm.
505 ## - FORMATTED CONTENTS NOTE
Formatted contents note 1. Sistemas de innovación - 2. Sistemas nacionales de innovación en Centroamérica - 3. Un enfoque sectorial: sistemas agroproductivos de innovación en Centroamérica - 4. Lecciones de la integración europea en políticas de ciencia, tecnología e innovación - 5. Conclusiones y estrategias para fortalecer la CTI mediante la integración regional
590 ## - LOCAL NOTE (RLIN)
Local note niveau_biblio:m niveau_hierar:0
856 41 - ELECTRONIC LOCATION AND ACCESS
Uniform Resource Identifier <a href="https://biblioeco.unsa.edu.ar/pmb/images/libros/Sistemas de innovaci?n en Centroam?rica-l119727.jpg">https://biblioeco.unsa.edu.ar/pmb/images/libros/Sistemas de innovaci?n en Centroam?rica-l119727.jpg</a>
Link text Imagen de portada
Electronic format type image/jpeg
942 ## - ADDED ENTRY ELEMENTS (KOHA)
Koha item type
Existencias
Withdrawn status Lost status Damaged status Not for loan Home library Current library Shelving location Date acquired Total checkouts Full call number Barcode Date last seen Price effective from Koha item type
        Biblioteca Prof. Eusebio Cleto del Rey Biblioteca Prof. Eusebio Cleto del Rey   07/04/2026   339.92 P123 L119727 07/04/2026 07/04/2026 Libro